00405nam a2200145Ia 4500008004100000020001500041041000800056082001600064100001900080245008300099250000600182260004500188300001100233650001500244210716s2006 xx 000 0 und d a0618519882 aeng a658.84 CANB aCanzer, Brahm. aE-business: strategic thinking and practice.bStrategic thinking and practice. a1 aNew YorkbHoughton mifflin Companyc2006 axx,347 aE-Commerce